Quel mot(s) pour compléter cette expression ? - Statistiques

Statistiques générales
  • Ce quiz a été pris 121 fois
  • Le résultat moyen est 6 sur 15
Statistiques - réponses
Question Réponse % Correct
Solide comme le pont *** Neuf
91%
Avoir du *** sur la planche Pain
91%
Jeter le *** avec l'eau du bain bébé
73%
Faire claquer son *** fouet
64%
Boire le vin de l'*** aubergiste
45%
Coup de *** dans le contrat canif
45%
Chauve comme un *** Oeuf
36%
*** la trogne S'enluminer
36%
Les *** raisons d'Arlequin 36
27%
A chaque fou sa *** marotte
27%
A bon chat, bon *** rat
27%
Travailler pour le roi *** de Prusse
18%
Se fâcher à propos de *** bottes
9%
Avoir les *** en deuil ongles
9%
Se prendre pour le premier *** du pape moutardier
0%
Aucun quiz correspondant
Distribution des résultats
% des personnes avec chaque résultat
Percentile par nombre de réponses
Votre historique - résultats
Vous n’avez pas pris ce quiz